Hot Fuzz Trivia 1 - Statistics

General Stats
  • This quiz has been taken 869 times
  • The average score is 5 of 15
Answer Stats
Hint Answer % Correct
The name of the city Nicholas came from London
95%
Evil old woman considered frightful or ugly... Hag
79%
The small village he moved to Sanford
60%
Which rate is so high in the village Accident
54%
The length of the Romeo and Juliet play 3 hours
50%
The colour of the large coat Green
43%
Name of the police dog Saxon
35%
what object did Micheal get hit with in the hotel to be knocked out Plant pot
22%
What was not caught until the end of the film The Swan
22%
The name of danny's mother Irene
16%
The family member influenced Nicholas to be a police man officer His Uncle
12%
Name of the village newspaper The sanford citizen
10%
The message of the monkey's jumper that Nicholas won and the fete I'm with stoopid
9%
Who stabbed Nicholas in the hand A man dressed as Father Christmas
6%
What was the picture of above Nicholas' bed The Church
1%
No matching quizzes found
Score Distribution
Percent of People with Each Score
Percentile by Number Answered
Your Score History
You have not taken this quiz